Calciatori con più presenze in Serie A con una sola squadra - Statistics

Statistiche generali
  • Questo quiz è stato fatto 276 volte
  • Il punteggio medio è 13 su 20
Statistiche sulle risposte
N° di presenze Nazionalità Calciatore Squadra % Corretto
619 Italia Francesco Totti Roma
99%
647 Italia Paolo Maldini Milan
97%
615 Argentina Javier Zanetti Inter
96%
478 Italia Alessandro Del Piero Juventus
93%
408 Slovacchia Marek Hamsik Napoli
87%
489 Italia Gianluigi Buffon Juventus
86%
459 Italia Sergio Pellissier Chievo Verona
86%
470 Italia Franco Baresi Milan
80%
392 Italia Giuseppe Baresi Inter
80%
459 Italia Daniele De Rossi Roma
78%
393 Italia Giorgio Chiellini Juventus
71%
424 Italia Roberto Mancini Sampdoria
67%
519 Italia Giuseppe Bergomi Inter
66%
458 Italia Alessandro Costacurta Milan
60%
417 Italia Sandro Mazzola Inter
54%
501 Italia Gianni Rivera Milan
45%
475 Italia Giacinto Facchetti Inter
43%
443 Italia Giampiero Boniperti Juventus
31%
413 Italia Mario Corso Inter
9%
405 Italia Giorgio Ferrini Torino
4%
Nessun quiz corrispondente trovato
Distribuzione punteggi
Percentuale di utenti per punteggio
Percentile per numero di risposta
I tuoi punteggi nel tempo
Non hai fatto questo quiz